00855 a2200193 4500020002700000020003000027090001500057100002400072245012000096260004000216300002900256700002400285700001900309942002100328999001700349952010500366952008900471952010100560 a0805390456 (hardcover) a9780805390452 (hardcover) c1696d16961 aFeynman, Richard P.14aThe feynman Lectures on Physics :bthe definitive edition /cRichard P. Feynman, Robert B. Leighton, Matthew Sands. aNew DelhibPearson Educationc2009. a1 v. (unpaged) ;c30 cm. aLeighton, Robert B. aSands, Matthew aSNScBKk530 FEY c30304d30304 00104070aSNSbSNSd2016-05-26l10m6o530 FEYpSNS0001748r2026-04-14s2025-09-23w2016-05-26yBK 00104070aSNSbSNSd2016-05-26l0o530 FEYpSNS0001911r2023-07-10w2016-05-26yBK 00104070aSNSbSNSd2016-05-26l2o530 FEYpSNS0001912r2021-12-27s2021-07-05w2016-05-26yBK